[Event "FRA-chT1 1011"]
[Site "France"]
[Date "2010.10.17"]
[Round "1.7"]
[White "Gelis, Dorian"]
[Black "Cazottes, Guillaume"]
[Result "1-0"]
[WhiteElo "232"]
[BlackElo "1893"]
[PlyCount "63"]
[EventDate "2010.10.17"]
[EventType "team-tourn"]
[EventRounds "11"]
[EventCountry "FRA"]
[SourceTitle "EXT 2012"]
[Source "ChessBase"]
[SourceDate "2011.11.24"]
[SourceVersion "1"]
[SourceVersionDate "2011.11.24"]
[SourceQuality "1"]

1. e4 c5 2. Nc3 Nc6 3. Bb5 Nd4 4. Bc4 e6 5. Nf3 Nf6 6. d3 d5 7. Bb3 Nxb3 8. axb3 Be7 9. 0-0 Bd7 10. e5 Ng8 11. Ne1 h5 12. Bd2 Qc7 13. Nf3 Nh6 14. Re1 Nf5 15. Ne2 h4 16. h3 Bc6 17. Nc3 Qd8 18. Nh2 Bg5 19. Qc1 Be7 20. Ng4 a6 21. Bf4 b5 22. Nd1 a5 23. f3 Ng3 24. Kh2 Nh5 25. Bd2 Ng3 26. Ndf2 Qc7 27. Bg5 f6 28. Bf4 f5 29. Nf6+ gxf6 30. exf6 Bd8 31. Rxe6+ Kd7 32. Re7+ 1-0

[Event "FRA-ch U14"]
[Site "Le Grand Bornand"]
[Date "2007.04.??"]
[Round "3"]
[White "Cazottes, Guillaume"]
[Black "Lagarde, Maxime"]
[Result "0-1"]
[WhiteElo "1902"]
[BlackElo "2202"]
[PlyCount "52"]
[EventDate "2007.04.07"]
[EventType "swiss"]
[EventRounds "9"]
[EventCountry "FRA"]
[SourceTitle "CBM 118 Extra"]
[Source "ChessBase"]
[SourceDate "2007.07.04"]
[SourceVersion "1"]
[SourceVersionDate "2007.07.04"]
[SourceQuality "1"]

1. e4 c5 2. Nf3 d6 3. d4 cxd4 4. Nxd4 Nf6 5. Nc3 a6 6. Bc4 e6 7. Bb3 Nbd7 8. Be3 Nc5 9. f3 Be7 10. Qd2 Qc7 11. 0-0 b5 12. Rfd1 0-0 13. Ndxb5 axb5 14. Nxb5 Qb8 15. Nxd6 Nxb3 16. cxb3 Rd8 17. e5 Nd5 18. Bc5 h6 19. g3 f6 20. f4 fxe5 21. fxe5 Bxd6 22. Bxd6 Rxd6 23. exd6 Qxd6 24. Qd4 Bb7 25. Re1 Qc6 26. Rac1 Nc3 0-1

[Event "FRA-chT2 South 0607"]
[Site "France"]
[Date "2007.03.18"]
[Round "9.7"]
[White "Lenfant, Francois"]
[Black "Cazottes, Guillaume"]
[Result "1/2-1/2"]
[WhiteElo "2126"]
[BlackElo "1862"]
[PlyCount "73"]
[EventDate "2006.10.15"]
[EventType "team"]
[EventRounds "11"]
[EventCountry "FRA"]
[SourceTitle "EXT 2008"]
[Source "ChessBase"]
[SourceDate "2007.11.25"]
[SourceVersion "1"]
[SourceVersionDate "2007.11.25"]
[SourceQuality "1"]
[WhiteTeam "Vitrolles"]
[BlackTeam "Saint Affrique"]
[WhiteTeamCountry "FRA"]
[BlackTeamCountry "FRA"]

1. c4 Nf6 2. g3 e6 3. Nf3 d5 4. b3 Be7 5. Bg2 0-0 6. Bb2 c5 7. 0-0 Nc6 8. e3 a6 9. Nc3 d4 10. exd4 cxd4 11. Ne2 e5 12. Re1 Bd6 13. a3 Re8 14. d3 a5 15. Qd2 Ra7 16. Nh4 Nh5 17. Bf3 Nf6 18. Bg2 Nh5 19. Be4 Nf6 20. f3 Nxe4 21. fxe4 Be7 22. Nf3 Bg4 23. Rf1 Bxf3 24. Rxf3 Bg5 25. Qe1 Be3+ 26. Kg2 Qb6 27. Rb1 Qc7 28. g4 Ne7 29. Ng3 Ng6 30. Nf5 Nf4+ 31. Kh1 Nxd3 32. Qe2 Nxb2 33. Nxe3 dxe3 34. Qxe3 Raa8 35. Rxb2 Rad8 36. Rbf2 Re7 37. Kg2 1/2-1/2